La Generalitat de Catalunya : orígens i restabliment orígens i restabliment
Descripción Física:
118 p, [2] f. ; 22 cm
Colección:
Col·lecció Departament de la Presidència ; 2
Materias:
Catalunya. -- Generalitat -- Història
MARC
| LEADER | 00000nam a2200000Ia 4500 | ||
|---|---|---|---|
| 001 | 550 | ||
| 008 | 160829s1979 xx 000 0 cat d | ||
| 080 | |a M-2-214 | ||
| 110 | 1 | |a Catalunya. |b Generalitat |9 12125 | |
| 245 | |a La Generalitat de Catalunya : |b orígens i restabliment | ||
| 260 | |a Barcelona : |b Servei Central de Publicacions de la Generalitat de Catalunya, |c 1979 | ||
| 300 | |a 118 p, [2] f. ; |c 22 cm | ||
| 490 | |a Col·lecció Departament de la Presidència ; 2 | ||
| 610 | 1 | 0 | |a Catalunya. |b Generalitat |x Història |9 56412 |
| 901 | |a Arxiu | ||
| 942 | |n 1 | ||
| 952 | |0 0 |1 0 |4 0 |6 M2214 |7 1 |9 43091 |a Arxiu |b Arxiu |d 2016-12-01 |l 0 |o M-2-214 |p 550 |r 2016-12-01 00:00:00 |w 2016-12-01 |y ARXIU | ||
| 999 | |c 45635 |d 45635 | ||